<?xml version="1.0" encoding="UTF-8"?>
<record
    xmlns:xsi="http://www.w3.org/2001/XMLSchema-instance"
    xsi:schemaLocation="http://www.loc.gov/MARC21/slim http://www.loc.gov/standards/marcxml/schema/MARC21slim.xsd"
    xmlns="http://www.loc.gov/MARC21/slim">

  <leader>00451nam a2200157   4500</leader>
  <controlfield tag="003">SEACOMEC</controlfield>
  <controlfield tag="005">20250424133305.0</controlfield>
  <controlfield tag="008">250424b        |||||||| |||| 00| 0 eng d</controlfield>
  <datafield tag="020" ind1=" " ind2=" ">
    <subfield code="a">0596554362,</subfield>
    <subfield code="c">625.00</subfield>
  </datafield>
  <datafield tag="040" ind1=" " ind2=" ">
    <subfield code="a">SEACOMEC</subfield>
  </datafield>
  <datafield tag="082" ind1=" " ind2=" ">
    <subfield code="a">005.5 </subfield>
    <subfield code="b">K584</subfield>
  </datafield>
  <datafield tag="100" ind1=" " ind2=" ">
    <subfield code="a">King, Lesa Snider </subfield>
  </datafield>
  <datafield tag="245" ind1=" " ind2=" ">
    <subfield code="a">Photoshop CS4: The Missing Manual  / </subfield>
    <subfield code="c">Lesa Snider King</subfield>
  </datafield>
  <datafield tag="260" ind1=" " ind2=" ">
    <subfield code="a"> Mumbai :</subfield>
    <subfield code="b">Shroff Publishers &amp; Distributors Pvt. Ltd. </subfield>
    <subfield code="c">2009</subfield>
  </datafield>
  <datafield tag="942" ind1=" " ind2=" ">
    <subfield code="c">BOOK</subfield>
  </datafield>
  <datafield tag="952" ind1=" " ind2=" ">
    <subfield code="0">0</subfield>
    <subfield code="1">0</subfield>
    <subfield code="2">ddc</subfield>
    <subfield code="4">0</subfield>
    <subfield code="7">0</subfield>
    <subfield code="a">SEACOMEC</subfield>
    <subfield code="b">SEACOMEC</subfield>
    <subfield code="d">2010-03-09</subfield>
    <subfield code="l">0</subfield>
    <subfield code="o">005.5  K584</subfield>
    <subfield code="p">16636</subfield>
    <subfield code="r">2025-04-24 13:31:22</subfield>
    <subfield code="w">2025-04-24</subfield>
    <subfield code="y">REF</subfield>
  </datafield>
  <datafield tag="952" ind1=" " ind2=" ">
    <subfield code="0">0</subfield>
    <subfield code="1">0</subfield>
    <subfield code="2">ddc</subfield>
    <subfield code="4">0</subfield>
    <subfield code="7">0</subfield>
    <subfield code="a">SEACOMEC</subfield>
    <subfield code="b">SEACOMEC</subfield>
    <subfield code="d">2010-03-09</subfield>
    <subfield code="l">0</subfield>
    <subfield code="o">005.5  K584</subfield>
    <subfield code="p">16637</subfield>
    <subfield code="r">2025-04-24 13:31:22</subfield>
    <subfield code="t">1</subfield>
    <subfield code="w">2025-04-24</subfield>
    <subfield code="y">BOOK</subfield>
  </datafield>
  <datafield tag="952" ind1=" " ind2=" ">
    <subfield code="0">0</subfield>
    <subfield code="1">0</subfield>
    <subfield code="2">ddc</subfield>
    <subfield code="4">0</subfield>
    <subfield code="7">0</subfield>
    <subfield code="a">SEACOMEC</subfield>
    <subfield code="b">SEACOMEC</subfield>
    <subfield code="d">2010-03-09</subfield>
    <subfield code="l">0</subfield>
    <subfield code="o">005.5  K584</subfield>
    <subfield code="p">16638</subfield>
    <subfield code="r">2025-04-24 13:31:22</subfield>
    <subfield code="t">2</subfield>
    <subfield code="w">2025-04-24</subfield>
    <subfield code="y">BOOK</subfield>
  </datafield>
  <datafield tag="952" ind1=" " ind2=" ">
    <subfield code="0">0</subfield>
    <subfield code="1">0</subfield>
    <subfield code="2">ddc</subfield>
    <subfield code="4">0</subfield>
    <subfield code="7">0</subfield>
    <subfield code="a">SEACOMEC</subfield>
    <subfield code="b">SEACOMEC</subfield>
    <subfield code="d">2010-03-09</subfield>
    <subfield code="l">0</subfield>
    <subfield code="o">005.5  K584</subfield>
    <subfield code="p">16639</subfield>
    <subfield code="r">2025-04-24 13:31:22</subfield>
    <subfield code="t">3</subfield>
    <subfield code="w">2025-04-24</subfield>
    <subfield code="y">BOOK</subfield>
  </datafield>
  <datafield tag="952" ind1=" " ind2=" ">
    <subfield code="0">0</subfield>
    <subfield code="1">0</subfield>
    <subfield code="2">ddc</subfield>
    <subfield code="4">0</subfield>
    <subfield code="7">0</subfield>
    <subfield code="a">SEACOMEC</subfield>
    <subfield code="b">SEACOMEC</subfield>
    <subfield code="d">2010-03-09</subfield>
    <subfield code="l">0</subfield>
    <subfield code="o">005.5  K584</subfield>
    <subfield code="p">16640</subfield>
    <subfield code="r">2025-04-24 13:31:22</subfield>
    <subfield code="t">4</subfield>
    <subfield code="w">2025-04-24</subfield>
    <subfield code="y">BOOK</subfield>
  </datafield>
  <datafield tag="999" ind1=" " ind2=" ">
    <subfield code="c">2226</subfield>
    <subfield code="d">2226</subfield>
  </datafield>
</record>
